00901nam a2200289Ia 450000500170000000800410001702000150005804000180007304100080009108200210009910000170012024500760013725000120021326000430022530000320026865000200030065000310032065000260035165000340037765000380041165000260044965000200047565000370049565100290053265100300056170000200059120220719134247.0210716s1996 xx 000 0 und d a8170296943 cAIMIT LIBRARY aeng a006.32 22bRAOV aRao, Valluru aC++ neural networks and fuzzy logic /cBy Valluru Rao and Hayagriva Rao a2nd ed. aNew Delhi :bBPB Publications ,c1996. axxiv, 551p. ;bPB :c23 cm. aNeural Networks aC++ and Object Orientation aA Look at Fuzzy Logic aConstructing a Neural Network aA Survey of Neural Network Models aLearning and Training aBackpropagation aBidirectional Associative Memory aFuzzy Associative Memory aAdaptive Resonance Theory aRao, Hayagriva.